Movies Quiz

Random Movies or Oscar Quiz

John Cazale Movies Quiz Stats

 Plays Quiz Updated Feb 7, 2020

Support Sporcle.
Go Orange.
Score 0/5 Timer 01:00
2 Plays Today
Year Movie % Correct
1972The Godfather
98%
1974The Godfather Part II
93.7%
1978The Deer Hunter
79.2%
1975Dog Day Afternoon
77.2%
1974The Conversation
45.2%

From the Vault

Sitcom Surnames

by Derek

I have no idea why I have these names rolling around in my head...hopefully you do too.
Remove Ads.
Support Sporcle.
Get the best of Sporcle when you Go Orange. This ad-free experience offers more features, more stats, and more fun while also helping to support Sporcle. Thank you for becoming a member.

Show Comments

Extras

Top Quizzes Today


Score Distribution

Your Account Isn't Verified!

In order to create a playlist on Sporcle, you need to verify the email address you used during registration. Go to your Sporcle Settings to finish the process.

Report this User

Report this user for behavior that violates our Community Guidelines.

Details: